000 02090nam a2200409 ac4500
001 493850
003 BLK
005 20240405005730.0
008 221219b bul|||||r ||||||| ||bul||
020 _a9786199227107
040 _aBLK
041 _aBUL
_cBUL
080 _aФилософски мистицизъм. Ранни езотерични школи. Кабала. Теософия. Антропософия. Суфизъм. Еклектизъм. Синкретизъм. Херметизъм. Розенкройцерство. Др. школи
_b141.33
_z141.33
080 _z2-2
100 _aДънов, Петър Константинов
_cБеинса Дуно ; Учителя Беинса Дуно
_d1864-1944
_gФилософ, създава Школата на Всемирното Бяло братство в България
_eпърви автор
_9363384
139 _aДънов, Петър Константинов
_bД 95
245 1 0 _aБеседи, лекции, разговори 1922 година
_bТ. 1 -
_cУчителят ; състав. Стоян Иванов Кючуков
257 _aBGR
260 _aСт. Загора
_bИзд. състав.
_c2022
_9209902
_f(София : Симолини-94)
_n954-799-
300 _a958 с.
_c24 см
380 _a1
500 _aЗагл. и текст на стар правопис. - Учителят - духовно име на Петър Константинов Дънов
650 4 _aДъновизъм
_9153927
700 _aКючуков, Стоян Иванов
_eсъстав.
_91478
773 _aДънов, Петър Константинов
_dСт. Загора Изд. състав.
_iЧаст от:
_tБеседи, лекции, разговори 1922 година
_w493850
852 _aЦб 316028
_bЦб
856 4 _qpdf
_i0.00
_ldisable
856 4 _qpdf
_i0.00
_ldisable
942 _cSET
_n0
_s1
944 _aCR
_c2022-12-19
_lCRON CRON
_k
999 _c487988
_d487988
999 _d487988
999 _d487988
999 _d487988
999 _d487988
999 _d487988
999 _d487988